| 000 | 00516nam a22001577a 4500 | ||
|---|---|---|---|
| 003 | OSt | ||
| 005 | 20251125100238.0 | ||
| 008 | 251125b |||||||| |||| 00| 0 eng d | ||
| 040 |
_aDWCL-Main lib _cOC |
||
| 082 |
_21995 1st ed. _aFil. 336.2 N532 1995 |
||
| 245 | _aThe new expanded VAT law (R.A. 7716) with implementing regulations BIR primer and other issuances/ | ||
| 260 |
_aManila : _bRex Book Store, _cc1995. |
||
| 300 |
_av, 361 p. ; _c25 cm. |
||
| 650 | _aTaxation. | ||
| 942 |
_2ddc _cBK - FIL _e1995 1st ed. _kFil. _n0 |
||
| 999 |
_c6197 _d6197 |
||